[Event "Wroclaw"]
[Site "?"]
[Date "2020.08.27"]
[Round "7.6"]
[White "Musial, Tomasz"]
[Black "Psyk, Radoslaw"]
[Result "1/2-1/2"]
[BlackElo "2288"]
[WhiteElo "1931"]
[LiveChessVersion "1.4.8"]

1. d4 {[%clk 0:03:03]} Nf6 {[%clk 0:03:02]} 2. c4 {[%clk 0:03:04]} Nc6
{[%clk 0:03:03]} 3. Nf3 {[%clk 0:03:04]} d6 {[%clk 0:03:04]} 4. g3
{[%clk 0:03:05]} Bg4 {[%clk 0:03:05]} 5. Bg2 {[%clk 0:03:05]} g6 {[%clk 0:03:06]}
6. Nc3 {[%clk 0:03:02]} Bg7 {[%clk 0:03:05]} 7. h3 {[%clk 0:03:02]} Bxf3
{[%clk 0:03:05]} 8. Bxf3 {[%clk 0:03:02]} Nd7 {[%clk 0:03:05]} 9. e3
{[%clk 0:03:02]} e5 {[%clk 0:03:07]} 10. d5 {[%clk 0:03:03]} Ne7 {[%clk 0:03:08]}
11. e4 {[%clk 0:03:04]} h5 {[%clk 0:03:08]} 12. g4 {[%clk 0:03:01]} hxg4
{[%clk 0:03:05]} 13. hxg4 {[%clk 0:03:02]} Rxh1+ {[%clk 0:03:06]} 14. Bxh1
{[%clk 0:03:02]} c6 {[%clk 0:03:05]} 15. Be3 {[%clk 0:02:55]} cxd5
{[%clk 0:02:28]} 16. Nxd5 {[%clk 0:02:16]} Nxd5 {[%clk 0:02:16]} 17. Qxd5
{[%clk 0:02:10]} Qc7 {[%clk 0:02:04]} 18. O-O-O {[%clk 0:01:20]} Bf8
{[%clk 0:02:05]} 19. Kb1 {[%clk 0:01:11]} Rc8 {[%clk 0:01:50]} 20. b3
{[%clk 0:00:48]} a6 {[%clk 0:01:36]} 21. Bf3 {[%clk 0:00:21]} Qc6
{[%clk 0:01:37]} 22. g5 {[%clk 0:00:14]} Qxd5 {[%clk 0:01:18]} 23. cxd5
{[%clk 0:00:13]} Rc7 {[%clk 0:00:43]} 24. Rc1 {[%clk 0:00:14]} Kd8
{[%clk 0:00:36]} 25. Bg4 {[%clk 0:00:11]} Rxc1+ {[%clk 0:00:31]} 26. Kxc1
{[%clk 0:00:12]} Be7 {[%clk 0:00:27]} 27. Bxd7 {[%clk 0:00:08]} Kxd7
{[%clk 0:00:28]} 28. Kd2 {[%clk 0:00:08]} Bd8 {[%clk 0:00:26]} 29. Kd3
{[%clk 0:00:07]} Ba5 {[%clk 0:00:23]} 30. a3 {[%clk 0:00:05]} Bd8
{[%clk 0:00:21]} 31. Kc4 {[%clk 0:00:06]} Kc7 {[%clk 0:00:21]} 32. Bd2
{[%clk 0:00:07]} Kb6 {[%clk 0:00:20]} 33. Bb4 {[%clk 0:00:07]} Kc7
{[%clk 0:00:18]} 34. Ba5+ {[%clk 0:00:07]} b6 {[%clk 0:00:19]} 35. Bd2
{[%clk 0:00:08]} b5+ {[%clk 0:00:19]} 36. Kd3 {[%clk 0:00:07]} Kb7
{[%clk 0:00:20]} 37. f3 {[%clk 0:00:07]} Bb6 {[%clk 0:00:20]} 38. Be3
{[%clk 0:00:07]} Bd8 {[%clk 0:00:16]} 39. Bd2 {[%clk 0:00:08]} a5
{[%clk 0:00:17]} 40. Be3 {[%clk 0:00:05]} Ka6 {[%clk 0:00:18]} 41. Bd2
{[%clk 0:00:06]} Bb6 {[%clk 0:00:16]} 42. Be3 {[%clk 0:00:06]} Bd8
{[%clk 0:00:16]} 43. Bd2 {[%clk 0:00:07]} Kb7 {[%clk 0:00:16]} 44. Be3
{[%clk 0:00:08]} Kc8 {[%clk 0:00:15]} 45. Ke2 Kd7 {[%clk 0:00:15]} 46. Kf2
{[%clk 0:00:10]} Kc7 {[%clk 0:00:13]} 47. Ke2 {[%clk 0:00:11]} Kd7
{[%clk 0:00:14]} 48. Kf2 {[%clk 0:00:13]} Kc8 {[%clk 0:00:15]} 49. Ke2 Kb7
{[%clk 0:00:15]} 50. Kd3 {[%clk 0:00:15]} Ka6 {[%clk 0:00:16]} 51. Bd2
{[%clk 0:00:14]} Bb6 {[%clk 0:00:16]} 52. Be3 {[%clk 0:00:16]} Bc7
{[%clk 0:00:15]} 53. Bd2 {[%clk 0:00:16]} Kb6 {[%clk 0:00:16]} 54. Be3+
{[%clk 0:00:17]} Kb7 {[%clk 0:00:18]} 55. Bd2 {[%clk 0:00:18]} Kc8
{[%clk 0:00:19]} 56. Ke2 {[%clk 0:00:19]} Kd7 {[%clk 0:00:19]} 57. Be3
{[%clk 0:00:19]} Kc8 {[%clk 0:00:16]} 58. Kd3 {[%clk 0:00:19]} Kb7
{[%clk 0:00:18]} 59. Bd2 {[%clk 0:00:20]} Ka6 {[%clk 0:00:19]} 60. Be3
{[%clk 0:00:21]} Bd8 {[%clk 0:00:16]} 61. Bd2 {[%clk 0:00:21]} Be7
{[%clk 0:00:17]} 62. Be3 {[%clk 0:00:21]} Bf8 {[%clk 0:00:17]} 63. Bd2
{[%clk 0:00:22]} Be7 {[%clk 0:00:19]} 64. Be3 {[%clk 0:00:23]} Bd8
{[%clk 0:00:20]} 65. Bd2 {[%clk 0:00:24]} Bc7 {[%clk 0:00:22]} 66. Be3
{[%clk 0:00:25]} Bd8 {[%clk 0:00:14]} 67. Bd2 {[%clk 0:00:26]} Bb6
{[%clk 0:00:16]} 68. Be3 {[%clk 0:00:27]} Kb7 {[%clk 0:00:16]} 69. Bxb6
{[%clk 0:00:25]} Kxb6 {[%clk 0:00:17]} 70. b4 {[%clk 0:00:26]} axb4
{[%clk 0:00:18]} 71. axb4 {[%clk 0:00:27]} Kc7 {[%clk 0:00:19]} 72. Ke3
{[%clk 0:00:28]} Kd7 {[%clk 0:00:21]} 73. Kf2 {[%clk 0:00:30]} Ke7
{[%clk 0:00:22]} 74. Kg3 {[%clk 0:00:31]} f6 {[%clk 0:00:15]} 75. gxf6+
{[%clk 0:00:27]} Kxf6 {[%clk 0:00:16]} 76. Kg4 {[%clk 0:00:28]} Kf7
{[%clk 0:00:17]} 77. Kg5 {[%clk 0:00:29]} Kg7 {[%clk 0:00:18]} 78. Kh4
{[%clk 0:00:29]} Kf6 {[%clk 0:00:18]} 79. Kg4 {[%clk 0:00:31]} Kf7
{[%clk 0:00:19]} 1/2-1/2

[Event "Wroclaw"]
[Site "?"]
[Date "2020.08.27"]
[Round "7.7"]
[White "Golenia, Jan"]
[Black "Fus, Jakub"]
[Result "1-0"]
[BlackElo "2113"]
[WhiteElo "1956"]
[LiveChessVersion "1.4.8"]

1. c4 {[%clk 0:03:02]} e6 {[%clk 0:03:04]} 2. Nc3 {[%clk 0:03:03]} d5
{[%clk 0:03:05]} 3. cxd5 exd5 {[%clk 0:03:06]} 4. d4 {[%clk 0:03:06]} c6
{[%clk 0:03:07]} 5. Nf3 {[%clk 0:03:06]} Bf5 {[%clk 0:03:03]} 6. Bf4
{[%clk 0:03:05]} Nd7 {[%clk 0:03:02]} 7. e3 {[%clk 0:03:07]} Ngf6
{[%clk 0:03:01]} 8. Be2 {[%clk 0:03:04]} Be7 {[%clk 0:03:01]} 9. O-O
{[%clk 0:03:05]} O-O {[%clk 0:03:01]} 10. h3 {[%clk 0:02:56]} Ne4
{[%clk 0:02:44]} 11. Nd2 {[%clk 0:02:46]} Nxd2 {[%clk 0:02:30]} 12. Qxd2
{[%clk 0:02:47]} Nf6 {[%clk 0:02:29]} 13. Bd3 {[%clk 0:02:47]} Qd7
{[%clk 0:02:25]} 14. Qc2 {[%clk 0:02:45]} Bxd3 {[%clk 0:02:24]} 15. Qxd3
{[%clk 0:02:46]} Ne8 {[%clk 0:02:18]} 16. Rab1 {[%clk 0:02:39]} a5
{[%clk 0:02:18]} 17. Na4 {[%clk 0:02:37]} Qd8 {[%clk 0:02:12]} 18. Rfc1
{[%clk 0:02:32]} Bd6 {[%clk 0:02:08]} 19. Bxd6 {[%clk 0:02:05]} Nxd6
{[%clk 0:02:09]} 20. a3 {[%clk 0:01:56]} Re8 {[%clk 0:02:03]} 21. Qd1
{[%clk 0:01:49]} Re6 {[%clk 0:01:53]} 22. Nc5 {[%clk 0:01:40]} Rg6
{[%clk 0:01:53]} 23. Nd3 {[%clk 0:01:39]} Re6 {[%clk 0:01:19]} 24. b3
{[%clk 0:01:27]} Qe7 {[%clk 0:01:10]} 25. a4 {[%clk 0:01:16]} Re8
{[%clk 0:00:41]} 26. Rb2 {[%clk 0:01:15]} Qd8 {[%clk 0:00:37]} 27. Nc5
{[%clk 0:01:12]} Rg6 {[%clk 0:00:37]} 28. Nd3 {[%clk 0:01:06]} Rge6
{[%clk 0:00:32]} 29. Nc5 {[%clk 0:01:06]} Rg6 {[%clk 0:00:33]} 30. Nd3
{[%clk 0:01:07]} Rh6 {[%clk 0:00:29]} 31. Rbc2 {[%clk 0:00:58]} Rh4
{[%clk 0:00:28]} 32. Qf3 {[%clk 0:00:56]} Re6 {[%clk 0:00:22]} 33. Kh1
{[%clk 0:00:38]} Rf6 {[%clk 0:00:21]} 34. Qg3 {[%clk 0:00:34]} Rg6
{[%clk 0:00:22]} 35. Qf3 {[%clk 0:00:35]} Rf6 {[%clk 0:00:20]} 36. Qg3
{[%clk 0:00:36]} Rg6 {[%clk 0:00:21]} 37. Qf3 {[%clk 0:00:37]} Rgh6
{[%clk 0:00:19]} 38. Ne5 {[%clk 0:00:33]} f6 {[%clk 0:00:07]} 39. Nd3
{[%clk 0:00:25]} Qd7 {[%clk 0:00:07]} 40. Nc5 {[%clk 0:00:23]} Qc8
{[%clk 0:00:07]} 41. Kg1 {[%clk 0:00:21]} R4h5 {[%clk 0:00:06]} 42. Nxb7
{[%clk 0:00:19]} Qxb7 {[%clk 0:00:05]} 43. Rxc6 {[%clk 0:00:20]} Ne8
{[%clk 0:00:04]} 44. g4 {[%clk 0:00:19]} Rxh3 {[%clk 0:00:05]} 45. Qxd5+
{[%clk 0:00:20]} Kf8 {[%clk 0:00:06]} 46. Rxf6+ {[%clk 0:00:17]} gxf6
{[%clk 0:00:05]} 47. Qxb7 {[%clk 0:00:19]} Rh1+ {[%clk 0:00:06]} 48. Qxh1
{[%clk 0:00:19]} Rxh1+ {[%clk 0:00:07]} 49. Kxh1 {[%clk 0:00:20]} 1-0

[Event "Wroclaw"]
[Site "?"]
[Date "2020.08.27"]
[Round "7.8"]
[White "Pacan-Milej, Kosma"]
[Black "Kozlowski, Pawel"]
[Result "1-0"]
[BlackElo "1900"]
[WhiteElo "2113"]
[LiveChessVersion "1.4.8"]

1. d4 {[%clk 0:03:03]} e6 {[%clk 0:03:03]} 2. c4 {[%clk 0:03:04]} f5
{[%clk 0:03:04]} 3. Nf3 {[%clk 0:03:04]} Nf6 {[%clk 0:03:06]} 4. g3
{[%clk 0:03:05]} d5 {[%clk 0:03:07]} 5. Bg2 {[%clk 0:03:05]} Bd6 {[%clk 0:03:08]}
6. O-O {[%clk 0:03:04]} O-O {[%clk 0:03:09]} 7. b3 {[%clk 0:03:05]} b6
{[%clk 0:03:09]} 8. Ba3 {[%clk 0:02:56]} c6 {[%clk 0:03:09]} 9. Bxd6
{[%clk 0:02:55]} Qxd6 {[%clk 0:03:10]} 10. Nbd2 {[%clk 0:02:54]} Ba6
{[%clk 0:03:11]} 11. Rc1 {[%clk 0:02:54]} Nbd7 {[%clk 0:03:11]} 12. Qc2
{[%clk 0:02:52]} Rac8 {[%clk 0:03:06]} 13. Qb2 {[%clk 0:02:51]} Ne4
{[%clk 0:03:03]} 14. Rfd1 {[%clk 0:02:43]} Ndf6 {[%clk 0:02:55]} 15. Ne5
{[%clk 0:02:39]} Rfd8 {[%clk 0:02:37]} 16. Nxe4 {[%clk 0:02:30]} fxe4
{[%clk 0:02:28]} 17. b4 {[%clk 0:02:22]} Bb7 {[%clk 0:02:14]} 18. c5
{[%clk 0:02:22]} bxc5 {[%clk 0:01:55]} 19. bxc5 {[%clk 0:02:23]} Qe7
{[%clk 0:01:57]} 20. Qa3 {[%clk 0:02:18]} Ra8 {[%clk 0:01:49]} 21. Rb1
{[%clk 0:02:16]} Rdb8 {[%clk 0:01:26]} 22. Qa5 {[%clk 0:02:17]} h5
{[%clk 0:01:16]} 23. Rb3 {[%clk 0:02:07]} Ng4 {[%clk 0:00:47]} 24. Nxg4
{[%clk 0:01:54]} hxg4 {[%clk 0:00:48]} 25. Rdb1 {[%clk 0:01:54]} Qf7
{[%clk 0:00:33]} 26. Qd2 {[%clk 0:01:43]} Qc7 {[%clk 0:00:19]} 27. Qf4
{[%clk 0:01:40]} Qxf4 {[%clk 0:00:09]} 28. gxf4 {[%clk 0:01:41]} a6
{[%clk 0:00:06]} 29. Rxb7 {[%clk 0:01:42]} 1-0

[Event "Wroclaw"]
[Site "?"]
[Date "2020.08.27"]
[Round "7.9"]
[White "Golenia, Wojciech"]
[Black "Kulesza, Andrzej"]
[Result "0-1"]
[BlackElo "1749"]
[WhiteElo "1981"]
[LiveChessVersion "1.4.8"]

1. d4 {[%clk 0:03:03]} Nf6 {[%clk 0:03:04]} 2. Bf4 {[%clk 0:03:05]} e6
{[%clk 0:03:05]} 3. e3 {[%clk 0:03:05]} b6 {[%clk 0:03:04]} 4. Nf3
{[%clk 0:03:04]} Bb7 {[%clk 0:03:05]} 5. h3 {[%clk 0:03:05]} Be7 {[%clk 0:03:06]}
6. c3 {[%clk 0:03:00]} O-O {[%clk 0:03:05]} 7. Bd3 {[%clk 0:03:00]} c5
{[%clk 0:03:00]} 8. O-O {[%clk 0:03:00]} d6 {[%clk 0:03:00]} 9. Nbd2
{[%clk 0:02:59]} Nc6 {[%clk 0:02:55]} 10. a3 {[%clk 0:02:55]} Re8
{[%clk 0:02:31]} 11. Bh2 {[%clk 0:02:22]} Bf8 {[%clk 0:02:28]} 12. e4
{[%clk 0:02:20]} e5 {[%clk 0:02:26]} 13. d5 {[%clk 0:02:12]} Ne7 {[%clk 0:02:24]}
14. Bb5 {[%clk 0:02:12]} Nd7 {[%clk 0:02:23]} 15. Qa4 {[%clk 0:02:13]} Bc8
{[%clk 0:02:22]} 16. Bc6 {[%clk 0:02:14]} Nxc6 {[%clk 0:02:16]} 17. dxc6
{[%clk 0:02:10]} Nf6 {[%clk 0:02:17]} 18. b4 {[%clk 0:01:52]} a6 {[%clk 0:01:44]}
19. b5 {[%clk 0:01:45]} Be6 {[%clk 0:01:45]} 20. Ng5 {[%clk 0:01:18]} axb5
{[%clk 0:01:32]} 21. Qxb5 {[%clk 0:01:16]} Qc7 {[%clk 0:01:28]} 22. Nxe6
{[%clk 0:01:05]} fxe6 {[%clk 0:01:27]} 23. f4 {[%clk 0:01:05]} exf4
{[%clk 0:01:21]} 24. Bxf4 {[%clk 0:00:56]} Ra5 {[%clk 0:01:21]} 25. Qd3
{[%clk 0:00:53]} Qxc6 {[%clk 0:01:19]} 26. Nc4 {[%clk 0:00:49]} Raa8
{[%clk 0:01:16]} 27. Nxd6 {[%clk 0:00:44]} Bxd6 {[%clk 0:01:08]} 28. Bxd6
{[%clk 0:00:27]} Qxe4 {[%clk 0:01:09]} 29. Qg3 {[%clk 0:00:25]} Qg6
{[%clk 0:00:56]} 30. Qh4 {[%clk 0:00:18]} Ne4 {[%clk 0:00:44]} 31. Be5
{[%clk 0:00:19]} Rf8 {[%clk 0:00:37]} 32. Rxf8+ {[%clk 0:00:14]} Rxf8
{[%clk 0:00:38]} 33. Rb1 {[%clk 0:00:14]} Nd2 {[%clk 0:00:38]} 34. Rd1
{[%clk 0:00:09]} Nf3+ {[%clk 0:00:39]} 35. Kh1 {[%clk 0:00:05]} Nxh4
{[%clk 0:00:39]} 0-1

[Event "Wroclaw"]
[Site "?"]
[Date "2020.08.27"]
[Round "7.10"]
[White "Wierzbicki, Michal"]
[Black "Lis, Mateusz"]
[Result "0-1"]
[BlackElo "2113"]
[WhiteElo "1681"]
[LiveChessVersion "1.4.8"]

1. d4 {[%clk 0:03:03]} d5 {[%clk 0:03:03]} 2. Nf3 {[%clk 0:03:05]} Nf6
{[%clk 0:03:04]} 3. c4 {[%clk 0:03:06]} e6 {[%clk 0:03:05]} 4. cxd5 exd5
{[%clk 0:03:06]} 5. Nc3 {[%clk 0:03:07]} Bb4 {[%clk 0:03:07]} 6. e3
{[%clk 0:03:00]} c5 {[%clk 0:03:05]} 7. dxc5 {[%clk 0:02:58]} Ne4
{[%clk 0:02:46]} 8. Qa4+ {[%clk 0:02:24]} Nc6 {[%clk 0:02:46]} 9. Bd2
{[%clk 0:02:25]} Nxd2 {[%clk 0:02:37]} 10. Nxd2 {[%clk 0:02:18]} d4
{[%clk 0:02:03]} 11. exd4 {[%clk 0:00:39]} Qxd4 {[%clk 0:02:03]} 12. Qc2
{[%clk 0:00:39]} O-O {[%clk 0:01:39]} 13. O-O-O {[%clk 0:00:38]} Qxc5
{[%clk 0:01:38]} 14. Nde4 {[%clk 0:00:32]} Qa5 {[%clk 0:01:26]} 15. Bc4
{[%clk 0:00:16]} Bf5 {[%clk 0:01:17]} 16. f3 {[%clk 0:00:13]} Rac8
{[%clk 0:01:16]} 17. Bb3 {[%clk 0:00:08]} Ne7 {[%clk 0:00:55]} 18. Kb1
{[%clk 0:00:03]} Bxc3 {[%clk 0:00:54]} 19. bxc3 Rxc3 {[%clk 0:00:54]} 20. Qb2
{[%clk 0:00:04]} Rfc8 {[%clk 0:00:36]} 21. Rc1 h6 {[%clk 0:00:28]} 22. Rxc3
{[%clk 0:00:07]} Rxc3 {[%clk 0:00:29]} 23. Rc1 {[%clk 0:00:08]} Rxc1+
{[%clk 0:00:26]} 24. Qxc1 {[%clk 0:00:09]} Bxe4+ {[%clk 0:00:27]} 25. fxe4
{[%clk 0:00:10]} Qb4 {[%clk 0:00:25]} 26. Qc2 {[%clk 0:00:03]} Nc6
{[%clk 0:00:22]} 27. Qf2 {[%clk 0:00:04]} Ne5 {[%clk 0:00:22]} 28. Qc2
{[%clk 0:00:04]} Kh7 {[%clk 0:00:20]} 29. Kb2 {[%clk 0:00:05]} Qd4+
{[%clk 0:00:20]} 30. Kb1 {[%clk 0:00:06]} Nd3 {[%clk 0:00:19]} 31. Qd2
{[%clk 0:00:04]} Qg1+ {[%clk 0:00:18]} 32. Kc2 {[%clk 0:00:06]} Ne5
{[%clk 0:00:13]} 33. Bd5 {[%clk 0:00:07]} Qxh2 {[%clk 0:00:13]} 34. Qf2
{[%clk 0:00:05]} Qh5 35. Bxf7 Qxf7 {[%clk 0:00:13]} 36. Qd4 {[%clk 0:00:04]} Qc7+
{[%clk 0:00:14]} 37. Kd1 {[%clk 0:00:05]} Qd7 {[%clk 0:00:14]} 0-1

[Event "Wroclaw"]
[Site "?"]
[Date "2020.08.27"]
[Round "7.11"]
[White "Dytman, Radoslaw"]
[Black "Majocha, Piotr"]
[Result "1/2-1/2"]
[BlackElo "1793"]
[WhiteElo "1924"]
[LiveChessVersion "1.4.8"]

1. c4 {[%clk 0:03:03]} e5 {[%clk 0:03:03]} 2. Nc3 {[%clk 0:03:04]} Nf6
{[%clk 0:03:04]} 3. g3 {[%clk 0:03:05]} c6 {[%clk 0:03:05]} 4. Bg2
{[%clk 0:02:58]} d5 {[%clk 0:03:06]} 5. cxd5 {[%clk 0:02:59]} cxd5
{[%clk 0:03:07]} 6. d3 {[%clk 0:03:00]} h6 {[%clk 0:02:57]} 7. Nf3
{[%clk 0:02:53]} d4 {[%clk 0:02:52]} 8. Ne4 {[%clk 0:02:33]} Nxe4
{[%clk 0:02:37]} 9. dxe4 {[%clk 0:02:34]} Nc6 {[%clk 0:02:38]} 10. O-O
{[%clk 0:02:32]} Be7 {[%clk 0:02:36]} 11. e3 {[%clk 0:02:31]} O-O
{[%clk 0:02:32]} 12. exd4 {[%clk 0:02:29]} exd4 {[%clk 0:02:32]} 13. b3
{[%clk 0:02:19]} Qb6 {[%clk 0:02:21]} 14. Bb2 {[%clk 0:02:17]} Rd8
{[%clk 0:02:21]} 15. Qd2 {[%clk 0:02:00]} Bg4 {[%clk 0:02:00]} 16. Rad1
{[%clk 0:01:46]} Bb4 {[%clk 0:01:48]} 17. Qf4 {[%clk 0:01:40]} Bxf3
{[%clk 0:01:42]} 18. Bxf3 {[%clk 0:01:39]} Bc3 {[%clk 0:01:26]} 19. Qc1
{[%clk 0:01:14]} Bxb2 {[%clk 0:01:17]} 20. Qxb2 {[%clk 0:01:14]} d3
{[%clk 0:01:14]} 21. e5 {[%clk 0:00:48]} Qd4 {[%clk 0:00:38]} 22. Qxd4
{[%clk 0:00:27]} Rxd4 {[%clk 0:00:39]} 23. Bxc6 {[%clk 0:00:22]} bxc6
{[%clk 0:00:40]} 24. Rd2 {[%clk 0:00:22]} Re8 {[%clk 0:00:34]} 25. f4
{[%clk 0:00:21]} f6 {[%clk 0:00:27]} 26. exf6 {[%clk 0:00:12]} gxf6
{[%clk 0:00:27]} 27. Rfd1 {[%clk 0:00:14]} Red8 {[%clk 0:00:19]} 28. Kf2
{[%clk 0:00:15]} R8d5 {[%clk 0:00:19]} 29. Ke3 {[%clk 0:00:10]} Kf7
{[%clk 0:00:19]} 30. Rxd3 {[%clk 0:00:09]} Rxd3+ {[%clk 0:00:20]} 31. Rxd3
{[%clk 0:00:11]} Ra5 {[%clk 0:00:20]} 32. Rc3 {[%clk 0:00:06]} Rxa2
{[%clk 0:00:21]} 33. Rxc6 {[%clk 0:00:07]} Ra3 {[%clk 0:00:21]} 34. Rc3
{[%clk 0:00:04]} Ke6 {[%clk 0:00:20]} 35. g4 {[%clk 0:00:04]} Ra2
{[%clk 0:00:19]} 36. h4 {[%clk 0:00:04]} Rg2 {[%clk 0:00:19]} 37. f5+
{[%clk 0:00:05]} Kd7 {[%clk 0:00:17]} 38. Kf4 {[%clk 0:00:04]} Rf2+
{[%clk 0:00:17]} 39. Kg3 {[%clk 0:00:05]} Re2 {[%clk 0:00:14]} 40. Rd3+
{[%clk 0:00:07]} Ke7 {[%clk 0:00:13]} 41. Kf3 {[%clk 0:00:05]} Rb2
{[%clk 0:00:14]} 42. Re3+ {[%clk 0:00:06]} Kf7 {[%clk 0:00:15]} 43. Rc3
{[%clk 0:00:06]} a5 {[%clk 0:00:11]} 44. Kf4 {[%clk 0:00:05]} Rf2+
{[%clk 0:00:10]} 45. Kg3 {[%clk 0:00:06]} Rb2 {[%clk 0:00:11]} 46. Rd3
{[%clk 0:00:05]} Ke7 {[%clk 0:00:12]} 47. Kf4 {[%clk 0:00:05]} Rf2+
{[%clk 0:00:12]} 48. Rf3 {[%clk 0:00:05]} Rb2 {[%clk 0:00:13]} 49. g5
{[%clk 0:00:06]} hxg5+ {[%clk 0:00:13]} 50. hxg5 {[%clk 0:00:06]} fxg5+
{[%clk 0:00:14]} 51. Kxg5 {[%clk 0:00:07]} Rg2+ {[%clk 0:00:15]} 52. Kf4
{[%clk 0:00:07]} Kf6 {[%clk 0:00:14]} 53. Rc3 {[%clk 0:00:04]} Rf2+
{[%clk 0:00:15]} 54. Ke3 {[%clk 0:00:04]} Rxf5 {[%clk 0:00:16]} 55. Rc6+
{[%clk 0:00:04]} Ke7 {[%clk 0:00:16]} 56. Kd4 {[%clk 0:00:05]} Kd7
{[%clk 0:00:10]} 57. Rc5 {[%clk 0:00:04]} Rf3 {[%clk 0:00:11]} 58. Kc4
{[%clk 0:00:04]} Rf4+ {[%clk 0:00:08]} 59. Kb5 {[%clk 0:00:03]} Rb4+
{[%clk 0:00:09]} 60. Kxa5 {[%clk 0:00:04]} Rxb3 {[%clk 0:00:10]} 61. Rd5+
{[%clk 0:00:00]} 1/2-1/2

[Event "Wroclaw"]
[Site "?"]
[Date "2020.08.27"]
[Round "8.1"]
[White "Galuszka, Tomasz"]
[Black "Teclaf, Pawel"]
[Result "0-1"]
[BlackElo "2383"]
[WhiteElo "1943"]
[LiveChessVersion "1.4.8"]

1. e4 {[%clk 0:03:02]} c5 {[%clk 0:03:03]} 2. Nf3 {[%clk 0:03:03]} d6
{[%clk 0:03:04]} 3. d4 {[%clk 0:03:04]} cxd4 {[%clk 0:03:05]} 4. Nxd4
{[%clk 0:03:05]} Nf6 {[%clk 0:03:06]} 5. Nc3 {[%clk 0:03:06]} h6 {[%clk 0:03:08]}
6. g3 {[%clk 0:02:47]} e5 {[%clk 0:03:09]} 7. Nde2 {[%clk 0:02:46]} Be7
{[%clk 0:03:06]} 8. Bg2 {[%clk 0:02:47]} O-O {[%clk 0:03:07]} 9. O-O
{[%clk 0:02:48]} Be6 {[%clk 0:03:07]} 10. h3 {[%clk 0:02:44]} Nbd7
{[%clk 0:03:01]} 11. a4 {[%clk 0:02:38]} Qc8 {[%clk 0:02:44]} 12. Kh2
{[%clk 0:02:35]} Qc6 {[%clk 0:02:36]} 13. Nd5 {[%clk 0:02:25]} Bxd5
{[%clk 0:02:36]} 14. exd5 {[%clk 0:02:26]} Qc7 {[%clk 0:02:36]} 15. Nc3
{[%clk 0:01:50]} b6 {[%clk 0:02:08]} 16. f4 a6 {[%clk 0:02:05]} 17. Qe2
{[%clk 0:01:33]} Rfe8 {[%clk 0:02:05]} 18. Qf2 {[%clk 0:01:32]} Rab8
{[%clk 0:01:57]} 19. Be3 {[%clk 0:01:23]} b5 {[%clk 0:01:54]} 20. axb5
{[%clk 0:01:23]} axb5 {[%clk 0:01:56]} 21. Ra7 {[%clk 0:01:23]} Qc8
{[%clk 0:01:57]} 22. fxe5 {[%clk 0:01:10]} Nxe5 {[%clk 0:01:55]} 23. Kh1 b4
{[%clk 0:01:25]} 24. Ne4 {[%clk 0:00:40]} Nxe4 {[%clk 0:01:22]} 25. Bxe4
{[%clk 0:00:40]} Qxh3+ {[%clk 0:01:23]} 26. Kg1 Ng4 {[%clk 0:00:55]} 27. Qg2
{[%clk 0:00:11]} Qxg2+ {[%clk 0:00:55]} 28. Bxg2 {[%clk 0:00:10]} Nxe3
{[%clk 0:00:56]} 29. Re1 {[%clk 0:00:10]} 0-1

[Event "Wroclaw"]
[Site "?"]
[Date "2020.08.27"]
[Round "8.2"]
[White "Mis, Mieszko"]
[Black "Szpar, Milosz"]
[Result "1-0"]
[BlackElo "2275"]
[WhiteElo "2370"]
[LiveChessVersion "1.4.8"]

1. d4 {[%clk 0:03:03]} Nf6 {[%clk 0:03:03]} 2. c4 {[%clk 0:03:04]} e6
{[%clk 0:03:04]} 3. Nf3 {[%clk 0:03:05]} c5 {[%clk 0:03:05]} 4. Nc3
{[%clk 0:03:06]} cxd4 {[%clk 0:02:58]} 5. Nxd4 {[%clk 0:03:07]} a6
{[%clk 0:02:53]} 6. g3 {[%clk 0:03:06]} Qc7 {[%clk 0:02:53]} 7. Bg2
{[%clk 0:03:01]} Qxc4 {[%clk 0:02:53]} 8. O-O {[%clk 0:02:57]} Nc6
{[%clk 0:02:54]} 9. Nb3 {[%clk 0:02:40]} d5 {[%clk 0:02:55]} 10. Bg5
{[%clk 0:02:34]} Qg4 {[%clk 0:02:41]} 11. Bxf6 {[%clk 0:02:07]} gxf6
{[%clk 0:02:42]} 12. Bxd5 {[%clk 0:01:18]} Bd7 {[%clk 0:02:43]} 13. Bf3
{[%clk 0:01:14]} Qb4 {[%clk 0:02:25]} 14. Ne4 {[%clk 0:01:03]} Be7
{[%clk 0:02:09]} 15. Rc1 {[%clk 0:01:04]} Ne5 {[%clk 0:02:03]} 16. Bg2
{[%clk 0:00:47]} Ba4 {[%clk 0:02:03]} 17. Nc3 Rd8 {[%clk 0:01:58]} 18. Qc2
{[%clk 0:00:34]} Bc6 {[%clk 0:01:45]} 19. Bxc6+ {[%clk 0:00:33]} Nxc6
{[%clk 0:01:46]} 20. a3 {[%clk 0:00:32]} Qg4 {[%clk 0:01:28]} 21. Ne4
{[%clk 0:00:32]} h5 {[%clk 0:01:28]} 22. Nbc5 {[%clk 0:00:19]} Nd4
{[%clk 0:01:26]} 23. Qa4+ {[%clk 0:00:10]} b5 {[%clk 0:01:27]} 24. Qxa6
{[%clk 0:00:09]} Nxe2+ {[%clk 0:01:26]} 25. Kg2 {[%clk 0:00:09]} Nf4+
{[%clk 0:01:23]} 26. Kg1 {[%clk 0:00:11]} Ne2+ {[%clk 0:01:10]} 27. Kg2
{[%clk 0:00:12]} f5 {[%clk 0:00:58]} 28. Qxb5+ {[%clk 0:00:13]} Kf8
{[%clk 0:00:59]} 29. f3 {[%clk 0:00:10]} Nf4+ {[%clk 0:00:54]} 30. Kh1
{[%clk 0:00:11]} Qh3 {[%clk 0:00:53]} 31. gxf4 {[%clk 0:00:12]} fxe4
{[%clk 0:00:54]} 32. Nxe4 {[%clk 0:00:12]} f5 {[%clk 0:00:44]} 33. Nc3
{[%clk 0:00:05]} Rd2 {[%clk 0:00:40]} 34. Ne2 {[%clk 0:00:05]} Kf7
{[%clk 0:00:33]} 35. Qc4 {[%clk 0:00:05]} Rg8 {[%clk 0:00:33]} 36. Rf2
{[%clk 0:00:06]} Rxb2 {[%clk 0:00:24]} 37. Nd4 {[%clk 0:00:08]} Rg2
{[%clk 0:00:09]} 38. Qxe6+ {[%clk 0:00:09]} Kg7 {[%clk 0:00:10]} 39. Nxf5+
{[%clk 0:00:09]} Kh7 {[%clk 0:00:03]} 40. Qf7+ {[%clk 0:00:10]} 1-0

[Event "Wroclaw"]
[Site "?"]
[Date "2020.08.27"]
[Round "8.3"]
[White "Godzwon, Iwo"]
[Black "Kulesza, Andrzej"]
[Result "1-0"]
[BlackElo "1749"]
[WhiteElo "2193"]
[LiveChessVersion "1.4.8"]

1. e4 {[%clk 0:03:03]} c5 {[%clk 0:03:04]} 2. Nf3 {[%clk 0:03:05]} d6
{[%clk 0:03:05]} 3. d4 {[%clk 0:03:06]} cxd4 {[%clk 0:03:06]} 4. Nxd4
{[%clk 0:03:08]} Nf6 {[%clk 0:03:07]} 5. Nc3 {[%clk 0:03:09]} a6 {[%clk 0:03:09]}
6. Be3 {[%clk 0:03:10]} e5 {[%clk 0:03:10]} 7. Nb3 {[%clk 0:03:11]} Be7
{[%clk 0:03:11]} 8. Qd2 {[%clk 0:03:12]} O-O {[%clk 0:03:11]} 9. O-O-O
{[%clk 0:03:10]} Be6 {[%clk 0:03:11]} 10. f4 {[%clk 0:03:11]} b5 {[%clk 0:02:52]}
11. Kb1 {[%clk 0:03:06]} Nc6 {[%clk 0:02:50]} 12. f5 {[%clk 0:02:53]} Bd7
{[%clk 0:02:26]} 13. g4 {[%clk 0:02:30]} Nxg4 {[%clk 0:02:19]} 14. Rg1
{[%clk 0:02:32]} Nxe3 {[%clk 0:02:17]} 15. Qxe3 {[%clk 0:02:32]} Kh8
{[%clk 0:02:15]} 16. Nd5 {[%clk 0:02:34]} Rg8 {[%clk 0:01:46]} 17. Rd3
{[%clk 0:02:20]} Bf8 {[%clk 0:01:41]} 18. Qh3 {[%clk 0:02:13]} g6
{[%clk 0:01:31]} 19. Be2 {[%clk 0:01:46]} a5 {[%clk 0:01:21]} 20. c3
{[%clk 0:01:12]} b4 {[%clk 0:01:07]} 21. Nd2 {[%clk 0:01:07]} Rb8
{[%clk 0:00:54]} 22. Nf3 {[%clk 0:01:06]} bxc3 {[%clk 0:00:52]} 23. Rxc3
{[%clk 0:00:55]} f6 {[%clk 0:00:27]} 24. Nh4 {[%clk 0:00:35]} Nb4
{[%clk 0:00:06]} 25. Nxg6+ {[%clk 0:00:26]} Rxg6 {[%clk 0:00:08]} 26. Rxg6
{[%clk 0:00:28]} Nxd5 {[%clk 0:00:09]} 27. exd5 {[%clk 0:00:29]} Bg7
{[%clk 0:00:09]} 28. Rcg3 {[%clk 0:00:22]} Qb6 {[%clk 0:00:09]} 29. b3
{[%clk 0:00:24]} Rg8 {[%clk 0:00:09]} 30. Qxh7+ {[%clk 0:00:18]} 1-0

[Event "Wroclaw"]
[Site "?"]
[Date "2020.08.27"]
[Round "8.4"]
[White "Kokoszczynski, Jan"]
[Black "Golenia, Jan"]
[Result "1-0"]
[BlackElo "1956"]
[WhiteElo "2163"]
[LiveChessVersion "1.4.8"]

1. d4 e6 2. c4 b6 3. e4 Bb7 4. Bd3 Qh4 5. Nf3 Qg4 6. O-O Bxe4 7. Bxe4 Qxe4 8. Nc3
Qb7 9. Bf4 Nf6 10. Re1 Be7 11. a4 d6 12. a5 bxa5 13. Rxa5 Nbd7 14. Rb5 Qa6 15.
Qb3 O-O 16. h3 Rfb8 17. Qc2 c6 18. Rxb8+ Rxb8 19. c5 Nd5 20. Bxd6 Bxd6 21. cxd6
Qc4 22. Ne5 Nxe5 23. dxe5 Nf4 24. Re4 1-0